LEADER 01246nam a2200289 4500 001 000000349584 003 CaOOAMICUS 005 20220310115011.0 008 220310s2014 it a 000 u ita r 020 $a978-88-87867-81-7 040 $aSeMil$bita 100 1 $aCartocci, Fabrizio.$0(OLS)http://semarc/name/115539 245 10$aCesare Beccaria e l'industria serica comasca /$cFabrizio Cartocci. 264 1$aComo :$bAlessandro Dominioni,$c2014. 300 $a196 p. :$bill. ;$c24 cm 490 1 $aOrme 600 14$aBeccaria, Cesare <1738-1794>.$0(OLS)http://semarc/subject/7424 650 4$aIndustria tessile - Storia - Sec. 18.-20.$0(OLS)http://semarc/subject/35090 650 4$aSeta - Produzione - Lombardia - Como.$0(OLS)http://semarc/subject/51804 830 0$aOrme.$0(OLS)http://semarc/title/44396 850 $aSeMil 852 $aSeMil$W1$xVenegono$y1$m3U V 512$j232170$B240642$CSeMilBibl$Z2$F240642 $81 961 $aCartocci, Fabrizio - Omaggio 996 $6020$a978-88-87867-81-7$9(OLS)http://semarc/number/295367 996 $6245$aCesare Beccaria e l'industria serica comasca$9(OLS)http://semarc/title/439183 996 $6264$aComo :$bAlessandro Dominioni$9(OLS)http://semarc/publisher/60338 LEADER 00907nam a2200229 i 4500 001 000000223922 003 CaOOAMICUS 005 20131022000000.0 008 131022s1905 it u000 u ita u 013 $a202820 040 $aSeMil$bita 100 1 $aMioni, Ugo <1870-1935>.$0(OLS)http://semarc/name/6651 245 10$aBabilonia e la Bibbia /$cper il prof. dott. Ugo Mioni. 260 $aRoma :$bFederico Pustet,$c1905. 300 $a95 p. ;$c21 cm. 490 0 $aFede e scienza ;$vSerie quarta, n38. 650 4$aFede e scienza.$0(OLS)http://semarc/subject/4337 830 0$aFede e scienza ;$vSerie quarta, n38.$0(OLS)http://semarc/title/12079 850 $aSeMil 852 $aSeMil$W1$xVenegono$y1$m2V II 135$j174268$B174268$CSeMilBibl$Z2$F184432 $81 996 $6245$aBabilonia e la Bibbia$9(OLS)http://semarc/title/321018 996 $6260$aRoma :$bFederico Pustet$9(OLS)http://semarc/publisher/32963